Marie-Ésprit Léon Walras (1834-1910) a jeho přínos k rozvoji teorie všeobecné rovnováhy

Gespeichert in:
Bibliographische Detailangaben
1. Verfasser: Nedomlelová, Iva
Weitere Verfasser: Skála, Marek
Format: Buchkapitel
Sprache:Tschechisch
Tags: Tag hinzufügen
Keine Tags, Fügen Sie das erste Tag hinzu!

MARC

LEADER 00000naa a2200000 4500
001 0148945
005 20220725092345.8
041 0 |a cze 
044 |a CZ 
245 1 0 |a Marie-Ésprit Léon Walras (1834-1910) a jeho přínos k rozvoji teorie všeobecné rovnováhy  |c Iva Nedomlelová, Marek Skála 
100 1 |a Nedomlelová, Iva 
700 1 |a Skála, Marek